000
00294nam a2200121Ia 4500
005
20250423101243.0
008
250422s9999 xx 000 0 und d
020
_a
1-932099-66-2
245
4
_a
The Farewell Sermon of Prophet Muhammad
260
_b
The Light Inc.
260
_c
2004
942
_c
BK
999
_c
35754
_d
35754